| 000 | 00907cam a2200301 a 4500 | ||
|---|---|---|---|
| 001 | 4417736 | ||
| 003 | OST | ||
| 005 | 20140310182110.0 | ||
| 008 | 930726s1993 caua 001 0 eng d | ||
| 010 | _a 93070833 | ||
| 020 | _a8174390189 | ||
| 035 | _a(OCoLC)28959521 | ||
| 040 |
_aOCo _cOCo _dO _dDLC |
||
| 042 | _alccopycat | ||
| 050 | 0 | 0 |
_aD 21.3 _b.Y45 1996 |
| 082 | 0 | 0 |
_aHS 909 _b YEN 1996 |
| 100 | 1 |
_aYenne, Bill, _d1949- _913421 |
|
| 245 | 1 | 0 |
_a100 events that shaped world history / _cBill Yenne. |
| 246 | 3 | _aOne hundred events that shaped world history | |
| 260 |
_aSan Francisco, CA : _bBluewood Books, _c1993. |
||
| 300 |
_a112 p. : _bill. ; _c23 cm. |
||
| 500 | _aIncludes index. | ||
| 650 | 0 |
_aHistory _vMiscellanea. _913422 |
|
| 906 |
_a7 _bcbc _ccopycat _d2 _eopcn _f19 _gy-gencatlg |
||
| 942 |
_2lcc _cHS |
||
| 999 |
_c9383 _d9383 |
||